Microeconomics
Αποθηκεύτηκε σε:
| Κύριος συγγραφέας: | |
|---|---|
| Άλλοι συγγραφείς: | |
| Μορφή: | Βιβλίο |
| Γλώσσα: | English |
| Δημοσίευση: |
Harlow, England :
Prentice Hall Financial Times,
2004
|
| Έκδοση: | 3rd ed. |
| Θέματα: | |
| Ετικέτες: |
Προσθήκη ετικέτας
Δεν υπάρχουν, Καταχωρήστε ετικέτα πρώτοι!
|
MARC
| LEADER | 00000nam a2200000 i 4500 | ||
|---|---|---|---|
| 001 | 1/70797 | ||
| 008 | 080117s2004 eng d | ||
| 020 | |a 978-0-582-40487-8 | ||
| 020 | |a 0-582-40487-8 | ||
| 035 | |l 10093769 | ||
| 040 | |a GR-MY-UA |b gre |e aacr | ||
| 041 | 0 | |a eng | |
| 082 | 0 | |a 338.5 |2 (22) | |
| 100 | 0 | |a Gravelle, Hugh. | |
| 245 | 1 | 0 | |a Microeconomics / |c Hugh Gravelle and Ray Rees |
| 250 | |a 3rd ed. | ||
| 260 | |a Harlow, England : |b Prentice Hall Financial Times, |c 2004 | ||
| 300 | |a viii, 738 σ.; |b εικ.; |c 25 εκ. | ||
| 504 | |a Βιβλιογραφία: σ. 719-725 | ||
| 504 | |a Ευρετήριο: σ. 727-738 | ||
| 650 | 0 | 0 | |a Microeconomics. |
| 700 | 1 | |a Rees, Ray |d 1943- | |
| 852 | |a INST |b LESVOS |e 20080117 |h 338.5 GRA |p 005100040336 |q 005100040336 |t BK |y 0 | ||
| 901 | |a BIBL1-2008-1 | ||
| 909 | |a Λ |b 142773 | ||
| 922 | |a 1ΕΛΗ |b 200712 |c ΕΠΕΑΕΚ2/ΤΚΑ |d ΕΛΕΥΘΕΡΟΥΔΑΚΗΣ | ||
| 970 | |a ΚΑΡΑ |b ΓΙΑΣΕΜΗ |z 2008/01/17 | ||